000 00623nam a2200181Ia 4500
008 090124s9999 xx 000 0 und d
082 _b123246
100 _aजागीरदार मंदाकिनी प्र.
245 _a आता कोठे धावे मन
250 _a1
260 _c1988
300 _a70
600 _aजागीरदार मंदाकिनी प्र.
630 _a आता कोठे धावे मन
700 _aजागीरदार मंदाकिनी प्र.
730 _a आता कोठे धावे मन
942 _cBOOK
999 _c169332
_d169332